Elegir el futuro: un programa radical para la mejora sostenible de la calidad de vida; textos

সংরক্ষণ করুন:
গ্রন্থ-পঞ্জীর বিবরন
সংস্থা লেখক: Comisión Independiente sobre Población y Calidad de Vida
বিন্যাস: পাঠ‍্য
প্রকাশিত: Madrid: IEPALA
সংস্করন:0
বিষয়গুলি:
ট্যাগগুলো: ট্যাগ যুক্ত করুন
কোনো ট্যাগ নেই, প্রথমজন হিসাবে ট্যাগ করুন!

MARC

LEADER 00000 a a2200000 04500
001 19266
003
040
090 |a 145500  
110 |a Comisión Independiente sobre Población y Calidad de Vida  
245 |a Elegir el futuro: un programa radical para la mejora sostenible de la calidad de vida; textos  
250 |a 0  
260 |a Madrid:   |b IEPALA  
300 |a 332 p  
300 |b **no definido**   |b fonodiscos  
500 |a Traducción Gabriel Rosón  
650 |a CONDICIONES ECONOMICAS  
650 |a CONDICIONES DE VIDA  
650 |a POBREZA  
650 |a MEDIO AMBIENTE  
650 |a ECOLOGIA  
650 |a DESARROLLO SOSTENIBLE  
650 |a POLITICA SOCIAL  
650 |a BIENESTAR SOCIAL  
650 |a CONDICIONES DE VIDA  
650 |a NIVEL DE VIDA  
999 |c 6384  |d 6384